<?xml version="1.0" encoding="UTF-8"?>
<record
    xmlns:xsi="http://www.w3.org/2001/XMLSchema-instance"
    xsi:schemaLocation="http://www.loc.gov/MARC21/slim http://www.loc.gov/standards/marcxml/schema/MARC21slim.xsd"
    xmlns="http://www.loc.gov/MARC21/slim">

  <leader>02355cam a2200421 i 4500</leader>
  <controlfield tag="003">PE-LiUPU</controlfield>
  <controlfield tag="005">20251222100632.0</controlfield>
  <controlfield tag="008">2507    s2025    pe a    rb    000 0 spa d</controlfield>
  <datafield tag="020" ind1=" " ind2=" ">
    <subfield code="a">9786123256005</subfield>
  </datafield>
  <datafield tag="035" ind1=" " ind2=" ">
    <subfield code="a">PE-LiUPU00045</subfield>
  </datafield>
  <datafield tag="040" ind1=" " ind2=" ">
    <subfield code="a">PE-LiUPU</subfield>
    <subfield code="b">spa</subfield>
    <subfield code="c">PE-LiUPU</subfield>
    <subfield code="e">rda</subfield>
  </datafield>
  <datafield tag="041" ind1="0" ind2=" ">
    <subfield code="a">spa</subfield>
  </datafield>
  <datafield tag="082" ind1="0" ind2="4">
    <subfield code="a">343.5</subfield>
    <subfield code="b">N312v</subfield>
    <subfield code="2">23/spe</subfield>
  </datafield>
  <datafield tag="090" ind1=" " ind2=" ">
    <subfield code="a">343.5</subfield>
    <subfield code="b">N28</subfield>
  </datafield>
  <datafield tag="100" ind1="1" ind2=" ">
    <subfield code="a">Naupari Wong, Jos&#xE9; Rodolfo,</subfield>
    <subfield code="e">autor.</subfield>
  </datafield>
  <datafield tag="245" ind1="1" ind2="0">
    <subfield code="a">Vacancia y suspensi&#xF3;n de autoridades regionales y municipales :</subfield>
    <subfield code="b">jurisprudencia electoral 2023-2024 /</subfield>
    <subfield code="c">Jos&#xE9; Rodolfo Naupari Wong.</subfield>
  </datafield>
  <datafield tag="250" ind1=" " ind2=" ">
    <subfield code="a">Primera edici&#xF3;n.</subfield>
  </datafield>
  <datafield tag="264" ind1=" " ind2="1">
    <subfield code="a">Lima :</subfield>
    <subfield code="b">Palestra Editores,</subfield>
    <subfield code="c">2025.</subfield>
  </datafield>
  <datafield tag="264" ind1=" " ind2="3">
    <subfield code="a">Impreso en el Per&#xFA;.</subfield>
  </datafield>
  <datafield tag="300" ind1=" " ind2=" ">
    <subfield code="a">536 p&#xE1;ginas ;</subfield>
    <subfield code="c">20.5 cm</subfield>
  </datafield>
  <datafield tag="336" ind1=" " ind2=" ">
    <subfield code="a">text</subfield>
    <subfield code="2">rdacontent</subfield>
  </datafield>
  <datafield tag="337" ind1=" " ind2=" ">
    <subfield code="a">unmediated</subfield>
    <subfield code="2">rdamedia</subfield>
  </datafield>
  <datafield tag="338" ind1=" " ind2=" ">
    <subfield code="a">volume</subfield>
    <subfield code="2">rdacarrier</subfield>
  </datafield>
  <datafield tag="500" ind1=" " ind2=" ">
    <subfield code="a">Incluye desarrollo doctrinal y an&#xE1;lisis sistem&#xE1;tico de la jurisprudencia electoral peruana sobre vacancia y suspensi&#xF3;n de autoridades.</subfield>
  </datafield>
  <datafield tag="500" ind1=" " ind2=" ">
    <subfield code="a">Obra basada en resoluciones del Jurado Nacional de Elecciones correspondientes a los a&#xF1;os 2023-2024.</subfield>
  </datafield>
  <datafield tag="504" ind1=" " ind2=" ">
    <subfield code="a">Incluye referencias normativas y jurisprudenciales.</subfield>
  </datafield>
  <datafield tag="505" ind1="0" ind2=" ">
    <subfield code="a">Aproximaci&#xF3;n te&#xF3;rica a la vacancia y suspensi&#xF3;n de autoridades -- Marco normativo de la declaratoria de vacancia y suspensi&#xF3;n -- Vacancia y suspensi&#xF3;n y Jurado Nacional de Elecciones -- Jurisprudencia electoral 2023-2024 -- Procedimientos, causales y reglas de votaci&#xF3;n -- Funci&#xF3;n administrativa y causales de vacancia.</subfield>
  </datafield>
  <datafield tag="520" ind1=" " ind2=" ">
    <subfield code="a">Estudio exhaustivo sobre la vacancia y suspensi&#xF3;n de autoridades regionales y municipales en el Per&#xFA;, que analiza el marco te&#xF3;rico, normativo y procedimental, as&#xED; como la jurisprudencia electoral reciente del Jurado Nacional de Elecciones, con &#xE9;nfasis en principios de legalidad, debido procedimiento, legitimidad y control jurisdiccional.</subfield>
  </datafield>
  <datafield tag="650" ind1=" " ind2="4">
    <subfield code="a">Derecho electoral.</subfield>
  </datafield>
  <datafield tag="650" ind1=" " ind2="4">
    <subfield code="a">Jurisprudencia electoral</subfield>
    <subfield code="z">Per&#xFA;.</subfield>
  </datafield>
  <datafield tag="650" ind1=" " ind2="4">
    <subfield code="a">Gobiernos locales</subfield>
    <subfield code="x">Aspectos jur&#xED;dicos.</subfield>
  </datafield>
  <datafield tag="650" ind1=" " ind2="4">
    <subfield code="a">Gobiernos regionales</subfield>
    <subfield code="x">Aspectos jur&#xED;dicos.</subfield>
  </datafield>
  <datafield tag="650" ind1=" " ind2="4">
    <subfield code="a">Derecho administrativo.</subfield>
  </datafield>
  <datafield tag="856" ind1="4" ind2="0">
    <subfield code="u">https://www.palestraeditores.com</subfield>
    <subfield code="z">Sitio web de la editorial.</subfield>
  </datafield>
  <datafield tag="942" ind1=" " ind2=" ">
    <subfield code="2">ddc</subfield>
    <subfield code="c">BK</subfield>
  </datafield>
  <datafield tag="980" ind1=" " ind2=" ">
    <subfield code="6">18228</subfield>
    <subfield code="a">Rebeca Esther Huerta Leyton</subfield>
    <subfield code="8">18228</subfield>
    <subfield code="g">Rebeca Esther Huerta Leyton</subfield>
  </datafield>
  <datafield tag="999" ind1=" " ind2=" ">
    <subfield code="c">63190</subfield>
    <subfield code="d">63189</subfield>
  </datafield>
  <datafield tag="952" ind1=" " ind2=" ">
    <subfield code="r">2026-01-06 12:24:08</subfield>
    <subfield code="l">0</subfield>
    <subfield code="o">343.5 N312v</subfield>
    <subfield code="p">82924</subfield>
    <subfield code="t">e1</subfield>
    <subfield code="v">34.71</subfield>
    <subfield code="w">2025-12-22</subfield>
    <subfield code="x">FACIHED</subfield>
    <subfield code="y">BK</subfield>
    <subfield code="1">0</subfield>
    <subfield code="2">ddc</subfield>
    <subfield code="5">0</subfield>
    <subfield code="7">0</subfield>
    <subfield code="8">GEN</subfield>
    <subfield code="f">P143</subfield>
    <subfield code="a">BUL</subfield>
    <subfield code="b">BUL</subfield>
    <subfield code="c">GEN</subfield>
    <subfield code="d">2025-12-19</subfield>
    <subfield code="e">Palestra Editores S.A.C</subfield>
    <subfield code="g">29.71</subfield>
  </datafield>
  <datafield tag="952" ind1=" " ind2=" ">
    <subfield code="r">2026-01-06 12:24:15</subfield>
    <subfield code="l">0</subfield>
    <subfield code="o">343.5 N312v</subfield>
    <subfield code="p">82925</subfield>
    <subfield code="t">e2</subfield>
    <subfield code="v">34.71</subfield>
    <subfield code="w">2025-12-22</subfield>
    <subfield code="x">FACIHED</subfield>
    <subfield code="y">BK</subfield>
    <subfield code="1">0</subfield>
    <subfield code="2">ddc</subfield>
    <subfield code="5">0</subfield>
    <subfield code="7">0</subfield>
    <subfield code="8">GEN</subfield>
    <subfield code="f">P143</subfield>
    <subfield code="a">BUL</subfield>
    <subfield code="b">BUL</subfield>
    <subfield code="c">GEN</subfield>
    <subfield code="d">2025-12-19</subfield>
    <subfield code="e">Palestra Editores S.A.C</subfield>
    <subfield code="g">29.71</subfield>
  </datafield>
</record>
